Sherlock Holmes : investigative reporter /

Bibliographic Details
Main Author: Shelby, Don
Format: Book
Language:English
Published: Minneapolis, MN : James D. Thueson, 1984.
Subjects:

MARC

Tag First Indicator Second Indicator Subfields
LEADER 00000cam a2200000Ia 4500
001 in00002394521
005 20151109080108.0
008 910815s1984 mnu 000 0 eng d
035 |a (OCoLC)ocm24237140 
035 |a (OCoLC)24237140 
040 |a NOR  |c NOR  |d TXA  |d UtOrBLW 
049 |a TXAM 
090 |a PR4624  |b .S43 1984 
100 1 |a Shelby, Don. 
245 1 0 |a Sherlock Holmes :  |b investigative reporter /  |c by Don Shelby. 
264 1 |a Minneapolis, MN :  |b James D. Thueson,  |c 1984. 
300 |a 15 pages ;  |c 22 cm. 
336 |a text  |b txt  |2 rdacontent 
337 |a unmediated  |b n  |2 rdamedia 
338 |a volume  |b nc  |2 rdacarrier 
500 |a Cushing Library Lit. Mitchell copy is signed by the author. 
650 0 |a Holmes, Sherlock. 
948 |a cataloged  |b h  |c 2008/7/7  |d c  |e jgreene  |f 2:18:25 pm 
994 |a C0  |b TXA 
999 |a MARS 
999 f f |s 6bce32e9-76af-397f-a1bc-f44496e72450  |i 0be539ee-9d85-36c8-a64b-f4eb5e724b7c  |t 0 
952 f f |p noncirc  |a Texas A&M University  |b College Station  |c Cushing Memorial Library & Archives  |d Cushing: Literature/Mitchell (Does not check out)  |t 0  |e PR4624 .S43 1984  |h Library of Congress classification  |i unmediated -- volume 
998 f f |a PR4624 .S43 1984  |t 0  |l Cushing: Literature/Mitchell (Does not check out)